000 nam a22 7a 4500
999 _c8475
_d8475
008 180117b ||||| |||| 00| 0 eng d
100 _aPant.R.
_91536
245 _aCommunicative English
260 _aNew Delhi
_bAngel.In
_c2007